000 00693nam a22001937a 4500
008 160318b xxu||||| |||| 00| 0 eng d
020 _a978-9-71725168-4 (pbk.)
082 _22014
_aDFil 519.5
_bB19b
100 _93935
_aBalino, Jovencio T.
245 _aBasic statistics/
_cJovencio T. Balino, Estrelita P. Reyes, Michael T. Villanueva; Alex V. Abelos, editor/coordinator.
260 _aManila :
_bGrandbooks Publishing, Inc.,
_cc2014.
300 _aix, 120 pages:
_billustrations;
_c25 cm.
500 _aIncludes references.
650 0 _93936
_aStatistics
700 _93937
_aReyes, Estrelita P.
700 _93938
_aVillanueva, Michael T.
365 _b395.00
_cPhp
942 _2ddc
_cDFIL
999 _c1331
_d1331